Представление документа в формате RUSMARC

ПолеНазваниеЗначение
  Тип записи a
  Библиографический уровень m
001 Контрольный номер RU/SLIB/B/208716725
005 Дата корректировки 20201206203931.2
010 Индекс ISBN __
d Цена 0-59
101 Язык документа __
a Язык текста rus
200 Заглавие и сведения об ответственности 0_
a Заглавие Буровые растворы и крепление скважин
b Общее обозначение материала Текст
210 Выходные данные __
a Место издания М.
c Издательство Недра
d Дата издания 1975
215 Физическое описание __
a Объем 264 с.
c Иллюстрации/тип воспроизводства ил.
606 Тематические рубрики __
a Основная рубрика Горное дело
606 Тематические рубрики __
a Основная рубрика Бурение
610 Ключевые слова __
a Ключевые слова скважины; крпление скважин; техника безопасности; устройство скважин; буровые растворы
686 Индексы других классификаций __
a Классификационный индекс 33.131я75
700 Автор _1
a Фамилия Колесникова
b Имя Т. И.
4 Код отношения 070
701 Альтернативная интеллектуальная ответственность _1
a Фамилия Агеев
b Имя Ю.Н.
801 Источник записи _0
a Страна RU
b Организация Муниципальное бюджетное учреждение культуры "Централизованная библиотечная система" г. Сургут (Центральная городская библиотека им. А. С. Пушкина)
g Правила каталогизации К/Пронина
801 Источник записи _1
a Страна RU
b Организация Муниципальное бюджетное учреждение культуры "Централизованная библиотечная система" г. Сургут (Центральная городская библиотека им. А. С. Пушкина)
g Правила каталогизации К/Пронина
852 Данные о местонахождении __
j Шифр хранения 33.131я75
c Каталожный индекс 33.131я75
i Авторский знак К 60
p Инвентарный номер 115231(с); 115236(с)
901 Тип документа __
t Тип документа m
969 Тип издания __
a Тип издания учебник
990 Данные о заказе (DOS) __
j Количество экземпляров (DOS) 2